[Event "FIDE WY-U16 Olympiad 2022"]
[Site "Nakhchivan"]
[Date "2022.10.09"]
[Round "8.5"]
[White "Azadaliyev, Jahandar"]
[Black "Southcott-Moyers, Indy"]
[Result "1-0"]
[WhiteElo "2304"]
[BlackElo "1952"]
[Annotator "TA"]
[PlyCount "117"]
[EventDate "2022.10.02"]
[EventType "team-tourn"]
[EventCountry "AZE"]
[SourceTitle "playchess.com"]
[Source "ChessBase"]
[SourceQuality "1"]
[WhiteTeam "Azerbaijan"]
[BlackTeam "England"]
[WhiteTeamCountry "AZE"]
[BlackTeamCountry "ENG"]

1. d4 d5 2. c4 c6 3. e3 Nf6 4. Nf3 Bf5 5. Nc3 e6 6. Bd3 Bxd3 7. Qxd3 Nbd7 8. O-O Bb4 9. Nd2 O-O 10. Re1 e5 11. cxd5 cxd5 12. Nb3 e4 13. Qb5 Qb6 14. Bd2 Bxc3 15. Qxb6 axb6 16. Bxc3 Rfc8 17. a3 Rc6 18. h3 h5 19. Rec1 Rac8 20. Kf1 Ne8 21. Bb4 f6 22. Ke1 Kf7 23. Kd2 Ke6 24. a4 Rc4 25. Rc3 Nd6 26. Bxd6 Kxd6 27. Rxc4 Rxc4 28. Nc1 Nb8 29. f3 exf3 30. gxf3 Rc8 31. Nd3 Nc6 32. Rg1 g5 33. h4 gxh4 34. Rg6 Ke6 35. Rh6 Rg8 36. Nf4+ Kf7 37. Rxh5 Ne7 38. Rxh4 Rg1 39. Rh7+ Ke8 40. Rh5 Rb1 41. Nxd5 Nxd5 42. Rxd5 Rxb2+ 43. Kd3 Ra2 44. Rb5 Rxa4 45. Rxb6 Ke7 46. Rxb7+ Ke6 47. Ke4 Ra6 48. Rc7 Ra5 49. Rc5 Ra4 50. Rc6+ Ke7 51. Kf4 Rb4 52. Rc1 Ke6 53. Rd1 Ra4 54. e4 f5 55. d5+ Kf6 56. Rc1 fxe4 57. Rc6+ Ke7 58. fxe4 Ra7 59. Ke5 1-0

[Event "FIDE WY-U16 Olympiad 2022"]
[Site "Nakhchivan"]
[Date "2022.10.09"]
[Round "8.6"]
[White "Nurmanova, Alua"]
[Black "Begmuratov, Khumoyun"]
[Result "0-1"]
[WhiteElo "2188"]
[BlackElo "2367"]
[Annotator "TA"]
[PlyCount "82"]
[EventDate "2022.10.02"]
[EventType "team-tourn"]
[EventCountry "AZE"]
[SourceTitle "playchess.com"]
[Source "ChessBase"]
[SourceQuality "1"]
[WhiteTeam "Kazakhstan"]
[BlackTeam "Uzbekistan"]
[WhiteTeamCountry "KAZ"]
[BlackTeamCountry "UZB"]

1. e4 e5 2. Nf3 Nc6 3. d4 exd4 4. Nxd4 Bc5 5. Nb3 Bb6 6. Nc3 d6 7. a4 a6 8. Nd5 Ba7 9. Bd3 Be6 10. O-O Nge7 11. Bg5 Qd7 12. c4 O-O-O 13. Kh1 h6 14. Bd2 Ne5 15. Ba5 Nxd3 16. Qxd3 Bb8 17. Nd4 Rde8 18. f4 f5 19. Nxe7+ Rxe7 20. exf5 Bf7 21. b3 Ba7 22. Nf3 Re3 23. Qc2 Bh5 24. Bd2 Ree8 25. Bc3 Bg4 26. f6 gxf6 27. Nh4 Rhg8 28. Rae1 Qf7 29. h3 Bd7 30. f5 Bc6 31. Kh2 d5 32. cxd5 Bxd5 33. b4 Qd7 34. Ng6 Qd6+ 35. Kh1 Qg3 36. Rxe8+ Rxe8 37. Nf4 Bc6 38. b5 axb5 39. axb5 Bxb5 40. Ba5 Bc6 41. Qc3 Re3 0-1

[Event "FIDE WY-U16 Olympiad 2022"]
[Site "Nakhchivan"]
[Date "2022.10.09"]
[Round "8.6"]
[White "Pal, Rohan"]
[Black "Ahmad, Khagan"]
[Result "0-1"]
[WhiteElo "1871"]
[BlackElo "2150"]
[Annotator "TA"]
[PlyCount "84"]
[EventDate "2022.10.02"]
[EventType "team-tourn"]
[EventCountry "AZE"]
[SourceTitle "playchess.com"]
[Source "ChessBase"]
[SourceQuality "1"]
[WhiteTeam "England"]
[BlackTeam "Azerbaijan"]
[WhiteTeamCountry "ENG"]
[BlackTeamCountry "AZE"]

1. e4 c5 2. Nf3 Nc6 3. Bb5 e6 4. O-O Nge7 5. Re1 a6 6. Bf1 d5 7. exd5 Nxd5 8. d4 cxd4 9. Nxd4 Bd7 10. c4 Nf6 11. Be3 Be7 12. Nc3 O-O 13. h3 Rc8 14. Nf3 Qa5 15. a3 Qc7 16. b4 Rfd8 17. Qb3 h6 18. Na4 Re8 19. Bb6 Qf4 20. b5 axb5 21. cxb5 Nb8 22. Re5 Nd5 23. g3 Qf6 24. Bd4 Qg6 25. Bd3 f5 26. Bxf5 exf5 27. Qxd5+ Kh7 28. Nb6 Rcd8 29. Qxb7 Bd6 30. Nh4 Bxe5 31. Nxg6 Bxd4 32. Rd1 Bxb5 33. Nd5 Bc6 34. Qf7 Bxd5 35. Qxf5 Be4 36. Qg4 Bxg6 37. Rxd4 Rc8 38. Rc4 Rcd8 39. Rd4 Re1+ 40. Kh2 Rf8 41. Rf4 Be4 42. f3 Rd8 0-1

[Event "FIDE WY-U16 Olympiad 2022"]
[Site "Nakhchivan"]
[Date "2022.10.09"]
[Round "8.7"]
[White "Suyarov, Mukhammadzokhid"]
[Black "Akhilbay, Imangali"]
[Result "1/2-1/2"]
[WhiteElo "2287"]
[BlackElo "2098"]
[Annotator "TA"]
[PlyCount "95"]
[EventDate "2022.10.02"]
[EventType "team-tourn"]
[EventCountry "AZE"]
[SourceTitle "playchess.com"]
[Source "ChessBase"]
[SourceQuality "1"]
[WhiteTeam "Uzbekistan"]
[BlackTeam "Kazakhstan"]
[WhiteTeamCountry "UZB"]
[BlackTeamCountry "KAZ"]

1. e4 c5 2. Nc3 Nc6 3. Bb5 Nd4 4. Nf3 Nxf3+ 5. Qxf3 e6 6. O-O a6 7. Be2 Ne7 8. Qg3 b5 9. f4 b4 10. Nd1 Bb7 11. d3 Qc7 12. Be3 d5 13. Nf2 g6 14. Qh3 Bg7 15. Rab1 f5 16. Bf3 h6 17. c3 a5 18. Rfc1 bxc3 19. bxc3 Ba6 20. c4 d4 21. Bd2 Ra7 22. Re1 O-O 23. exf5 exf5 24. Re6 Bc8 25. Re2 Kh7 26. g3 Bf6 27. Qf1 Bd7 28. Qg2 Rf7 29. h4 Rg7 30. Nh3 Rf7 31. Rbe1 Bc8 32. Rb1 a4 33. Kf2 Bd7 34. Qh1 Kg8 35. Bc1 Qd6 36. Ba3 Bc6 37. Bxc6 Nxc6 38. Rb6 Rac7 39. Re8+ Kg7 40. Kf1 Qd7 41. Re2 Re7 42. Rxe7+ Bxe7 43. Qd5 Nb4 44. Qe5+ Kh7 45. Rb8 Bd8 46. Bxb4 cxb4 47. Rxb4 Qc6 48. Qd5 1/2-1/2

[Event "FIDE WY-U16 Olympiad 2022"]
[Site "Nakhchivan"]
[Date "2022.10.09"]
[Round "8.7"]
[White "Hajialiyev, Islam"]
[Black "Subramanian, Anusha"]
[Result "1-0"]
[WhiteElo "1731"]
[BlackElo "1840"]
[Annotator "NA RC COMBH"]
[PlyCount "117"]
[EventDate "2022.10.02"]
[EventType "team-tourn"]
[EventCountry "AZE"]
[SourceTitle "playchess.com"]
[Source "ChessBase"]
[SourceQuality "1"]
[BlackTeam "England"]
[BlackTeamCountry "ENG"]

1. d4 d5 2. Bf4 c5 3. e3 cxd4 4. exd4 Nc6 5. Nf3 Bg4 6. c3 f6 7. Bb5 e6 8. Nbd2 Bd6 9. Bxd6 Qxd6 10. O-O Nge7 11. Re1 O-O 12. Bd3 Bf5 13. Qe2 Bxd3 14. Qxd3 Rae8 15. Rad1 Ng6 16. g3 Rf7 17. Kg2 Rfe7 18. h4 e5 19. dxe5 Ngxe5 20. Nxe5 Nxe5 21. Qb5 Qc6 22. Qxc6 bxc6 23. Re3 Ng4 24. Rxe7 Rxe7 25. Nb3 Rb7 26. Rd2 Ne5 27. Na5 Rb6 28. b4 Kf7 29. f4 Ng4 30. a3 f5 31. c4 Ne3+ 32. Kf3 Nxc4 33. Nxc4 dxc4 34. Rd7+ Kf6 35. Rxa7 c3 36. Ke2 c5 37. bxc5 Rb5 38. Kd3 Rxc5 39. Kc2 Rc6 40. Rd7 Ra6 41. Kb3 Rc6 42. Rd1 h6 43. Rc1 g5 44. hxg5+ hxg5 45. Rxc3 Rd6 46. a4 Rb6+ 47. Kc4 gxf4 48. gxf4 Re6 49. Kb5 Re4 50. Rc4 Kg6 51. Rxe4 fxe4 52. Kc4 Kf5 53. a5 Kxf4 54. a6 e3 55. Kd3 Kf3 56. a7 e2 57. a8=Q+ Kf2 58. Qa2 Kf1 59. Qxe2+ 1-0

[Event "FIDE WY-U16 Olympiad 2022"]
[Site "Nakhchivan"]
[Date "2022.10.09"]
[Round "8.8"]
[White "Nurgaliyev, Sauat"]
[Black "Omonova, Umida"]
[Result "1-0"]
[WhiteElo "2079"]
[BlackElo "2078"]
[Annotator "TA"]
[PlyCount "111"]
[EventDate "2022.10.02"]
[EventType "team-tourn"]
[EventCountry "AZE"]
[SourceTitle "playchess.com"]
[Source "ChessBase"]
[SourceQuality "1"]
[WhiteTeam "Kazakhstan"]
[BlackTeam "Uzbekistan"]
[WhiteTeamCountry "KAZ"]
[BlackTeamCountry "UZB"]

1. e4 c5 2. Nf3 Nc6 3. d4 cxd4 4. Nxd4 g6 5. Nc3 Bg7 6. Be3 Nf6 7. Bc4 O-O 8. Bb3 d6 9. f3 Bd7 10. Qd2 Nxd4 11. Bxd4 b5 12. a4 bxa4 13. Bxa4 Bxa4 14. Rxa4 a5 15. O-O Qc7 16. Rfa1 Rfb8 17. b4 Rc8 18. Rxa5 Rab8 19. b5 Nd7 20. Nd5 Qxc2 21. Nxe7+ Kf8 22. Bxg7+ Kxe7 23. Bh6 Qxd2 24. Bxd2 Ne5 25. Bg5+ Ke6 26. Rb1 f6 27. Bf4 Nc4 28. Ra4 Rc5 29. Rc1 Rbc8 30. Rb4 g5 31. Bg3 Nb6 32. Rd1 Rc1 33. Rbd4 Rxd1+ 34. Rxd1 Nc4 35. Rc1 Rc5 36. h4 Kd7 37. Bf2 Rc8 38. Bd4 Ke6 39. Ra1 Rb8 40. hxg5 fxg5 41. Ra4 Ne5 42. b6 Nd7 43. Rb4 Nc5 44. Rb5 h6 45. Kh2 Kd7 46. Kg3 Kc6 47. Rb1 Ne6 48. Be3 h5 49. Rc1+ Kd7 50. Rd1 Kc6 51. Rd5 Rg8 52. Rf5 Rg7 53. Rf6 Nd8 54. e5 Nf7 55. Bd4 Rh7 56. exd6 1-0

[Event "FIDE WY-U16 Olympiad 2022"]
[Site "Nakhchivan"]
[Date "2022.10.09"]
[Round "8.8"]
[White "Dasgupta, Avyukt"]
[Black "Shukurova, Aydan"]
[Result "1/2-1/2"]
[WhiteElo "1687"]
[BlackElo "1732"]
[Annotator "NA RC COMBH"]
[PlyCount "63"]
[EventDate "2022.10.02"]
[EventType "team-tourn"]
[EventCountry "AZE"]
[SourceTitle "playchess.com"]
[Source "ChessBase"]
[SourceQuality "1"]
[WhiteTeam "England"]
[BlackTeam "Azerbaijan"]
[WhiteTeamCountry "ENG"]
[BlackTeamCountry "AZE"]

1. d4 d5 2. Nf3 Nf6 3. c3 c5 4. dxc5 e6 5. b4 a5 6. e3 b6 7. cxb6 Qxb6 8. b5 a4 9. Be2 Be7 10. O-O O-O 11. Na3 Ne4 12. c4 Bf6 13. Nd4 Nc3 14. Qc2 e5 15. Nf3 Bg4 16. Qxc3 Bxf3 17. Qc2 Be4 18. Bd3 Bxd3 19. Qxd3 Rd8 20. Bb2 e4 21. Qe2 Bxb2 22. Qxb2 Na6 23. Rfd1 Nc7 24. Qd2 Qc5 25. Qc3 dxc4 26. Qxc4 Qxc4 27. Nxc4 Nxb5 28. Nb6 Nc3 29. Nxa8 Nxd1 30. Nb6 Nc3 31. Nc4 Nxa2 32. Nb2 1/2-1/2

[Event "FIDE WY-U16 Olympiad 2022"]
[Site "Nakhchivan"]
[Date "2022.10.09"]
[Round "8.9"]
[White "Daneshvar, Bardiya"]
[Black "Samadov, Read"]
[Result "1/2-1/2"]
[WhiteElo "2515"]
[BlackElo "2455"]
[Annotator "TA"]
[PlyCount "117"]
[EventDate "2022.10.02"]
[EventType "team-tourn"]
[EventCountry "AZE"]
[SourceTitle "playchess.com"]
[Source "ChessBase"]
[SourceQuality "1"]
[WhiteTeam "Iran"]
[BlackTeam "Azerbaijan"]
[WhiteTeamCountry "IRI"]
[BlackTeamCountry "AZE"]

1. Nf3 Nf6 2. c4 e6 3. g3 d5 4. Bg2 dxc4 5. Qa4+ Nbd7 6. Qxc4 a6 7. Qc2 c5 8. Nc3 Qc7 9. O-O b6 10. d4 Bb7 11. Bf4 Bd6 12. Bxd6 Qxd6 13. Rfd1 O-O 14. e4 Qe7 15. Qe2 b5 16. e5 Nd5 17. Ne4 c4 18. Nd6 Bc6 19. Nd2 N7b6 20. N2e4 Nc8 21. Rac1 Nxd6 22. Nxd6 Qc7 23. Ne4 Rfd8 24. b3 Nb6 25. bxc4 bxc4 26. h4 Rd7 27. h5 h6 28. Nd6 Bxg2 29. Kxg2 c3 30. Rd3 Nd5 31. Ne4 Qa5 32. Nxc3 Nxc3 33. Rcxc3 Rxd4 34. Rxd4 Qxc3 35. Qe4 Rc8 36. Rd7 a5 37. Ra7 Qc5 38. Rd7 Qb5 39. Rd4 Qc5 40. a4 Qc3 41. Rd7 Qc5 42. Rd2 Rb8 43. Rc2 Qb4 44. Rc4 Qb2 45. Rc7 Qb4 46. Qf3 Rf8 47. Qf4 Qb6 48. Rc3 Rd8 49. Qe4 Rd2 50. Rc8+ Rd8 51. Rc4 Rd2 52. Rc8+ Rd8 53. Qa8 Rxc8 54. Qxc8+ Kh7 55. Qd7 Qc5 56. Qxf7 Qxe5 57. Qg6+ Kh8 58. Qe8+ Kh7 59. Qg6+ 1/2-1/2

[Event "FIDE WY-U16 Olympiad 2022"]
[Site "Nakhchivan"]
[Date "2022.10.09"]
[Round "8.9"]
[White "Montes Orozco, Miguel Angel"]
[Black "Levitan, Caleb Levi"]
[Result "0-1"]
[WhiteElo "2051"]
[BlackElo "2063"]
[Annotator "TA"]
[PlyCount "226"]
[EventDate "2022.10.02"]
[EventType "team-tourn"]
[EventCountry "AZE"]
[SourceTitle "playchess.com"]
[Source "ChessBase"]
[SourceQuality "1"]
[WhiteTeam "Mexico"]
[BlackTeam "South Africa"]
[WhiteTeamCountry "MEX"]
[BlackTeamCountry "RSA"]

1. d4 d5 2. c4 e6 3. Nf3 Nf6 4. Nc3 a6 5. c5 b6 6. cxb6 cxb6 7. Bf4 Bb7 8. e3 Bd6 9. Bxd6 Qxd6 10. Ne5 O-O 11. Bd3 Nbd7 12. f4 Ne4 13. O-O f6 14. Nxd7 Qxd7 15. Bxe4 dxe4 16. Qb3 Qd6 17. Rfc1 Rfc8 18. Rc2 b5 19. Rac1 f5 20. Ne2 Rxc2 21. Qxc2 Rc8 22. Qd2 Rxc1+ 23. Qxc1 Qb4 24. Kf2 h6 25. Qc2 a5 26. a3 Qe7 27. Qc5 Qd7 28. Nc3 Bc6 29. Qb6 a4 30. d5 exd5 31. Ne2 Qc8 32. Nd4 Be8 33. Qd6 Qd7 34. Qe5 g6 35. h3 h5 36. Qe6+ Qxe6 37. Nxe6 Kf7 38. Nc7 Bc6 39. Ke1 Ke7 40. Kd2 Kd6 41. Na6 Bb7 42. Nb4 h4 43. Kc3 Kc5 44. Nc2 Bc8 45. Nd4 Bd7 46. b4+ Kd6 47. Ne2 Be8 48. Kd4 Bd7 49. g3 hxg3 50. Nxg3 Bc6 51. Ne2 Be8 52. Nc3 Bc6 53. h4 Be8 54. Nxd5 Bf7 55. Nc3 Be8 56. Nd5 Bf7 57. Nc3 Be8 58. Ne2 Bc6 59. Ng3 Bd7 60. h5 gxh5 61. Nxh5 Be8 62. Ng3 Bg6 63. Nh1 Bf7 64. Nf2 Be6 65. Nh3 Bc4 66. Ng5 Bg8 67. Nxe4+ fxe4 68. Kxe4 Bb3 69. Kd4 Bc2 70. e4 Ke6 71. Kc5 Bd3 72. Kd4 Bf1 73. Kc5 Bc4 74. Kc6 Bd3 75. Kc5 Be2 76. Kc6 Bf1 77. Kc5 Bd3 78. Kd4 Bf1 79. Kc5 Be2 80. Kc6 Bc4 81. Kc5 Be2 82. Kc6 Bc4 83. Kc5 Kf6 84. Kd6 Bd3 85. Kc5 Kg6 86. Kd4 Bc4 87. Ke5 Kh5 88. Kf6 Kg4 89. Ke5 Kf3 90. f5 Kg4 91. Kf6 Bd3 92. Ke5 Kg5 93. Kd4 Bc4 94. Ke5 Bb3 95. Kd4 Kf6 96. Kc5 Bc4 97. Kd6 Bd3 98. Kd5 Be2 99. Kd6 Bc4 100. Kc6 Ke5 101. Kc5 Bd3 102. Kb6 Be2 103. Kc6 Bf1 104. Kb6 Be2 105. Kc6 Bf1 106. Kb6 Bd3 107. Kc6 Bc4 108. Kc5 Kxe4 109. f6 Kd3 110. f7 Bxf7 111. Kxb5 Be8+ 112. Kc5 Kc3 113. b5 Bxb5 0-1

[Event "FIDE WY-U16 Olympiad 2022"]
[Site "Nakhchivan"]
[Date "2022.10.09"]
[Round "8.10"]
[White "Talibov, Shiroghlan"]
[Black "Mahdavi, Reza"]
[Result "1/2-1/2"]
[WhiteElo "2342"]
[BlackElo "2324"]
[Annotator "TA"]
[PlyCount "71"]
[EventDate "2022.10.02"]
[EventType "team-tourn"]
[EventCountry "AZE"]
[SourceTitle "playchess.com"]
[Source "ChessBase"]
[SourceQuality "1"]
[WhiteTeam "Azerbaijan"]
[BlackTeam "Iran"]
[WhiteTeamCountry "AZE"]
[BlackTeamCountry "IRI"]

1. c4 Nf6 2. Nc3 g6 3. g3 Bg7 4. Bg2 O-O 5. d4 d6 6. Nf3 Nbd7 7. O-O e5 8. e4 exd4 9. Nxd4 Re8 10. Re1 Nc5 11. h3 c6 12. b3 Qc7 13. Bb2 a5 14. Rc1 Nfd7 15. Kh2 Ne5 16. Re3 Qb6 17. Nce2 Ned3 18. Rxd3 Nxd3 19. Qxd3 c5 20. Nc3 cxd4 21. Nd5 Qc5 22. a3 Be6 23. b4 axb4 24. axb4 Qc6 25. e5 Bxd5 26. Bxd5 Qd7 27. Bxd4 Bxe5 28. Be3 Ra2 29. b5 Kg7 30. Rc2 Ra1 31. f4 Bf6 32. Bd4 Qe7 33. Bxa1 Bxa1 34. Bf3 Qe1 35. Qd2 Qe7 36. Kg2 1/2-1/2

[Event "FIDE WY-U16 Olympiad 2022"]
[Site "Nakhchivan"]
[Date "2022.10.09"]
[Round "8.10"]
[White "Karsten, Jan"]
[Black "Galaviz Medina, Atlas Adomaitis"]
[Result "0-1"]
[WhiteElo "1985"]
[BlackElo "2131"]
[Annotator "TA"]
[PlyCount "108"]
[EventDate "2022.10.02"]
[EventType "team-tourn"]
[EventCountry "AZE"]
[SourceTitle "playchess.com"]
[Source "ChessBase"]
[SourceQuality "1"]
[WhiteTeam "South Africa"]
[BlackTeam "Mexico"]
[WhiteTeamCountry "RSA"]
[BlackTeamCountry "MEX"]

1. e4 c5 2. Nf3 e6 3. g3 Nc6 4. Bg2 Nf6 5. Nc3 d5 6. exd5 exd5 7. d4 Bg4 8. dxc5 d4 9. Qe2+ Qe7 10. Qxe7+ Bxe7 11. Ne2 O-O-O 12. O-O Bxc5 13. Nf4 Rhe8 14. Nd3 Bb6 15. Bg5 Re2 16. Rac1 Bf5 17. Rfd1 h6 18. Bxf6 gxf6 19. Rd2 Re7 20. Nh4 Be6 21. a3 Ne5 22. Re2 Rc7 23. Ree1 Kb8 24. Be4 Nc4 25. Re2 Nd6 26. Bg2 Rdc8 27. Nf4 Bb3 28. Nd5 Rxc2 29. Rcxc2 Rxc2 30. Rxc2 Bxc2 31. Nxb6 axb6 32. Nf3 d3 33. Nd2 b5 34. Bd5 Kc7 35. Kf1 Kb6 36. b4 Nc4 37. Bxc4 bxc4 38. Nxc4+ Kb5 39. Nd6+ Kc6 40. Ne4 Kd5 41. Nxf6+ Ke5 42. Ng4+ Kd4 43. Ne3 Kc3 44. g4 b5 45. h4 d2 46. Ke2 Bd3+ 47. Kf3 f6 48. Kf4 Bc2 49. h5 Bd3 50. Kf3 Kb2 51. Kg3 Kxa3 52. f4 Kxb4 53. f5 Be2 54. g5 fxg5 0-1

[Event "FIDE WY-U16 Olympiad 2022"]
[Site "Nakhchivan"]
[Date "2022.10.09"]
[Round "8.11"]
[White "Movahed, Sina"]
[Black "Suleymanli, Suleyman"]
[Result "1/2-1/2"]
[WhiteElo "2325"]
[BlackElo "2304"]
[Annotator "TA"]
[PlyCount "121"]
[EventDate "2022.10.02"]
[EventType "team-tourn"]
[EventCountry "AZE"]
[SourceTitle "playchess.com"]
[Source "ChessBase"]
[SourceQuality "1"]
[WhiteTeam "Iran"]
[BlackTeam "Azerbaijan"]
[WhiteTeamCountry "IRI"]
[BlackTeamCountry "AZE"]

1. e4 e6 2. d4 d5 3. Nc3 Nf6 4. e5 Nfd7 5. f4 c5 6. Nf3 Nc6 7. Be3 Qb6 8. Qd2 a6 9. O-O-O Qa5 10. f5 cxd4 11. Bxd4 Nc5 12. Qe3 Nxd4 13. Nxd4 Bd7 14. Kb1 O-O-O 15. Be2 Be7 16. Rhf1 Rdf8 17. Rf3 Qd8 18. Rg3 Rhg8 19. b4 Qb6 20. a3 Kb8 21. Bg4 a5 22. fxe6 fxe6 23. b5 Qc7 24. Ka2 h6 25. Rb1 Qb6 26. Nde2 Bg5 27. Qd4 Rf7 28. h4 Bd8 29. Bh5 Rff8 30. Bg6 Rh8 31. a4 Qa7 32. Rf3 Rxf3 33. gxf3 Rf8 34. f4 Bb6 35. Qd2 Bd8 36. h5 b6 37. Rg1 Qc7 38. Bd3 Be8 39. Nd4 Bxh5 40. f5 Be8 41. Qe1 Bg5 42. Rf1 Nxd3 43. cxd3 Bd7 44. Kb2 exf5 45. e6 Re8 46. Rxf5 Bf6 47. Rxf6 gxf6 48. exd7 Rxe1 49. Nc6+ Kb7 50. d8=Q Qxd8 51. Nxd8+ Kc7 52. Nf7 Kd7 53. Nxh6 Ke6 54. Ng4 d4 55. Ne4 f5 56. Ng5+ Ke7 57. Nh6 Kf6 58. Nf3 Rh1 59. Nxf5 Kxf5 60. Nxd4+ Ke5 61. Nc2 1/2-1/2

[Event "FIDE WY-U16 Olympiad 2022"]
[Site "Nakhchivan"]
[Date "2022.10.09"]
[Round "8.11"]
[White "Paredes Guzman, Francisco Javier"]
[Black "Badenhorst, Chloe"]
[Result "1-0"]
[WhiteElo "2023"]
[BlackElo "1687"]
[Annotator "TA"]
[PlyCount "101"]
[EventDate "2022.10.02"]
[EventType "team-tourn"]
[EventCountry "AZE"]
[SourceTitle "playchess.com"]
[Source "ChessBase"]
[SourceQuality "1"]
[WhiteTeam "Mexico"]
[BlackTeam "South Africa"]
[WhiteTeamCountry "MEX"]
[BlackTeamCountry "RSA"]

1. d4 Nf6 2. c4 g6 3. Nc3 d5 4. Nf3 Bg7 5. Qb3 dxc4 6. Qxc4 O-O 7. e4 Nc6 8. Be2 Bg4 9. d5 Bxf3 10. gxf3 Na5 11. Qa4 c6 12. dxc6 Nxc6 13. f4 Nd4 14. e5 Nxe2 15. Kxe2 Nd5 16. Nxd5 Qxd5 17. Be3 b5 18. Qb3 Qd7 19. Rhg1 Rac8 20. Rac1 Rxc1 21. Rxc1 Qg4+ 22. Kf1 Qh3+ 23. Ke1 a6 24. Qd5 e6 25. Qd7 Qxh2 26. Rc7 Qh1+ 27. Kd2 Bh6 28. Rc8 Rxc8 29. Qxc8+ Kg7 30. Qxa6 Qd5+ 31. Ke1 Qh1+ 32. Ke2 Qh5+ 33. Kd2 Qf3 34. a4 bxa4 35. Qxa4 Qd5+ 36. Ke1 Qd3 37. Qb4 Kg8 38. Bc5 Qd8 39. Bd6 Bf8 40. Qc5 Qa8 41. b4 Qe4+ 42. Kd1 Qf3+ 43. Kc2 Qe4+ 44. Kb2 Qe2+ 45. Qc2 Qb5 46. Qc8 Qe2+ 47. Ka3 Qd3+ 48. Ka4 Qd1+ 49. Ka5 Qd5+ 50. Kb6 Qd4+ 51. Bc5 1-0

[Event "FIDE WY-U16 Olympiad 2022"]
[Site "Nakhchivan"]
[Date "2022.10.09"]
[Round "8.12"]
[White "Abdinova, Narmin"]
[Black "Karimi, Setayesh"]
[Result "1-0"]
[WhiteElo "1810"]
[BlackElo "1925"]
[Annotator "TA"]
[PlyCount "97"]
[EventDate "2022.10.02"]
[EventType "team-tourn"]
[EventCountry "AZE"]
[SourceTitle "playchess.com"]
[Source "ChessBase"]
[SourceQuality "1"]
[WhiteTeam "Azerbaijan"]
[BlackTeam "Iran"]
[WhiteTeamCountry "AZE"]
[BlackTeamCountry "IRI"]

1. e4 c5 2. c3 d5 3. exd5 Qxd5 4. d4 Nf6 5. Nf3 e6 6. Na3 Nc6 7. Be3 cxd4 8. Nb5 Qd8 9. Nbxd4 Nd5 10. Bg5 Be7 11. Nxc6 bxc6 12. Bxe7 Qxe7 13. Qa4 Bd7 14. Bd3 O-O 15. Qe4 Nf6 16. Qh4 Qc5 17. O-O-O h6 18. Rhe1 Nd5 19. Qe4 Nf6 20. Qe2 a5 21. Ne5 a4 22. a3 Rfb8 23. Qe3 Qxe3+ 24. Rxe3 Be8 25. c4 Rb3 26. Re2 c5 27. f3 Kf8 28. Be4 Nxe4 29. Rxe4 Rc8 30. Re2 Rb7 31. f4 f6 32. Nf3 Rb6 33. Red2 Ke7 34. Re1 Kf7 35. g4 Rb3 36. Ng1 Rcb8 37. Ree2 R3b6 38. Re3 Ke7 39. Ne2 Bc6 40. Nc3 R8b7 41. Rde2 Kd7 42. Nd1 Bh1 43. Nf2 Bg2 44. Nd3 Bf1 45. Nxc5+ Kc8 46. Nxa4 Ra6 47. Nc5 Rc6 48. Nxb7 Bxe2 49. Na5 1-0

[Event "FIDE WY-U16 Olympiad 2022"]
[Site "Nakhchivan"]
[Date "2022.10.09"]
[Round "8.12"]
[White "Potgieter, Edward"]
[Black "Diaz Bartolo, Elizabeth Schahrazad"]
[Result "1-0"]
[WhiteElo "1567"]
[BlackElo "1666"]
[Annotator "NA RC COMBH"]
[PlyCount "165"]
[EventDate "2022.10.02"]
[EventType "team-tourn"]
[EventCountry "AZE"]
[SourceTitle "playchess.com"]
[Source "ChessBase"]
[SourceQuality "1"]
[WhiteTeam "South Africa"]
[BlackTeam "Mexico"]
[WhiteTeamCountry "RSA"]
[BlackTeamCountry "MEX"]

1. e4 c5 2. Nf3 d6 3. d4 cxd4 4. Nxd4 Nf6 5. Nc3 a6 6. Be3 e5 7. Nf3 Be7 8. Bc4 O-O 9. O-O Be6 10. Bb3 b5 11. Nd5 Bxd5 12. Bxd5 Nxd5 13. Qxd5 Nd7 14. Qd3 Qc7 15. Rac1 Rac8 16. Rfd1 Nb6 17. b3 Rfd8 18. Nd2 f5 19. c4 fxe4 20. Qxe4 b4 21. Nf1 Nd7 22. Ng3 Nf6 23. Qd3 Ng4 24. Nf5 Nxe3 25. Nxe3 Bg5 26. Nd5 Qf7 27. Rc2 a5 28. Ne3 Rf8 29. Qd5 Bxe3 30. fxe3 Qxd5 31. Rxd5 a4 32. Rxd6 Ra8 33. Rd1 Rf6 34. c5 axb3 35. axb3 Raa6 36. Rf2 Rxf2 37. Kxf2 Ra2+ 38. Kf3 Rc2 39. Rd5 Rc3 40. c6 Rxc6 41. Rb5 Kf7 42. Rxb4 Kf6 43. Rb8 Rc2 44. b4 Rc4 45. b5 Rb4 46. b6 h6 47. b7 Kf7 48. h4 Rb6 49. h5 Rb2 50. Ke4 Rb3 51. Kf5 Rb2 52. Kxe5 Rb5+ 53. Kf4 Rb1 54. e4 Rf1+ 55. Ke5 Rb1 56. Kf4 Rb4 57. Kf5 Rb2 58. e5 Rf2+ 59. Ke4 Re2+ 60. Kf3 Rxe5 61. Rf8+ Kxf8 62. b8=Q+ Re8 63. Qd6+ Kg8 64. Kf4 Rf8+ 65. Kg4 Rf6 66. Qxf6 gxf6 67. Kf5 Kf7 68. g4 Ke7 69. Kg6 Ke6 70. Kxh6 f5 71. gxf5+ Kf6 72. Kh7 Kf7 73. h6 Kf8 74. Kg6 Kg8 75. Kf6 Kh8 76. Ke7 Kh7 77. f6 Kxh6 78. f7 Kg6 79. f8=Q Kh7 80. Qf5+ Kh8 81. Qg4 Kh7 82. Kf6 Kh8 83. Qg7# 1-0

[Event "FIDE WY-U16 Olympiad 2022"]
[Site "Nakhchivan"]
[Date "2022.10.09"]
[Round "8.13"]
[White "Orozbaev, Eldiar"]
[Black "Pranav Vijay"]
[Result "0-1"]
[WhiteElo "2344"]
[BlackElo "2265"]
[Annotator "TA"]
[PlyCount "62"]
[EventDate "2022.10.02"]
[EventType "team-tourn"]
[EventCountry "AZE"]
[SourceTitle "playchess.com"]
[Source "ChessBase"]
[SourceQuality "1"]
[WhiteTeam "Kyrgyzstan"]
[BlackTeam "India"]
[WhiteTeamCountry "KGZ"]
[BlackTeamCountry "IND"]

1. e4 c5 2. Nc3 a6 3. g3 b5 4. Bg2 Bb7 5. d3 e6 6. f4 b4 7. Nce2 d5 8. e5 Nc6 9. Nf3 Nge7 10. Be3 Nf5 11. Bf2 h5 12. c4 bxc3 13. bxc3 Be7 14. h3 Qd7 15. Nd2 Rd8 16. Nb3 d4 17. O-O g5 18. cxd4 cxd4 19. fxg5 Nxe5 20. Bxb7 Qxb7 21. Nexd4 h4 22. Nxf5 Nf3+ 23. Qxf3 Qxf3 24. Bd4 Qd5 25. Bxh8 exf5 26. Rae1 Qxd3 27. Bf6 Qxg3+ 28. Kh1 Qxh3+ 29. Kg1 Qg4+ 30. Kh2 Rd3 31. Rxe7+ Kf8 0-1

[Event "FIDE WY-U16 Olympiad 2022"]
[Site "Nakhchivan"]
[Date "2022.10.09"]
[Round "8.13"]
[White "Francs, Marats"]
[Black "Cheng, Justin Hong-Chen"]
[Result "1/2-1/2"]
[WhiteElo "1976"]
[BlackElo "1843"]
[Annotator "TA"]
[PlyCount "94"]
[EventDate "2022.10.02"]
[EventType "team-tourn"]
[EventCountry "AZE"]
[SourceTitle "playchess.com"]
[Source "ChessBase"]
[SourceQuality "1"]
[WhiteTeam "Latvia"]
[BlackTeam "Hong Kong"]
[WhiteTeamCountry "LAT"]
[BlackTeamCountry "HKG"]

1. d4 Nf6 2. c4 g6 3. Nc3 Bg7 4. e4 d6 5. f3 O-O 6. Be3 e5 7. Nge2 exd4 8. Nxd4 c6 9. Be2 Re8 10. Nc2 d5 11. cxd5 cxd5 12. exd5 Bf5 13. Bf2 Nxd5 14. Nxd5 Bxc2 15. Qxc2 Qxd5 16. O-O Nc6 17. Bc4 Qe5 18. Qb3 Qc7 19. Rac1 Be5 20. h3 Na5 21. Qb5 Nxc4 22. Rxc4 a6 23. Qb3 Qd6 24. f4 Bg7 25. Rd1 Qe6 26. Re1 Qd7 27. Rd1 Qe6 28. Rc7 Qxb3 29. axb3 Rac8 30. Rxb7 Re2 31. b4 Bxb2 32. Bc5 a5 33. Kf1 Re4 34. g3 axb4 35. Bxb4 Bc3 36. Bxc3 Rxc3 37. Rd8+ Kg7 38. Rdd7 Rxg3 39. Rxf7+ Kg8 40. Rg7+ Kf8 41. Rbf7+ Ke8 42. Rxh7 Rxh3 43. Rxh3 Kxf7 44. Rf3 Kf6 45. Kf2 Kf5 46. Kg3 g5 47. fxg5+ Kxg5 1/2-1/2